Statistiken für Teams der Basketball Euroleague (Saison 23/24)

Klicken Sie hier um das Quiz zu spielen!

Allgemein

  • Dieses Quiz wurde 71 mal gespielt
  • Das Durchschnittsergebnis liegt bei 13 aus 18

Antwortstatistiken

Team% Korrekt
Bayern München
100%
FC Barcelona
98%
Real Madrid
98%
Alba Berlin
91%
Fenerbahce Istanbul
80%
Olympiakos Athen
73%
Partizan Belgrad
73%
AS Monaco
69%
Basket Club Valencia
67%
Panathinaikos Athen
67%
Emporio Armani Mailand
64%
Roter Stern Belgrad
62%
Anadolu Efes
58%
Zalgiris Kaunas
58%
ASVEL Villeurbanne Lyon
53%
Maccabi Tel Aviv
53%
Baskonia Vitoria Gasteiz
51%
Virtus Bologna
42%

Verteilung der Resultate

Perzentil nach korrekt beantworteten Fragen

Anzahl Personen mit jedem Resultat

Ihre Resultats-Entwicklung

Sie haben dieses Quiz noch nicht gespielt